| 000 | 00803nam a2200241 a 4500 | ||
|---|---|---|---|
| 001 | 5203 | ||
| 003 | CDMR | ||
| 005 | 20151022114202.0 | ||
| 008 | 130130s1992||||||||||||||||||||||||||||d | ||
| 020 | _a8439320698 | ||
| 040 |
_aCDMR _bcat _cCDMR |
||
| 245 | 0 | 0 |
_aMass communication, cultural identity and cross-cultural relations _b: International symposium _cAnders Arfwedson...[et al.] |
| 260 |
_aBarcelona _c1992 _bUnesco |
||
| 300 |
_a253 p ; _c30 cm |
||
| 490 | 0 |
_aMonographs and documents _v1 |
|
| 650 | 0 | 4 |
_92777 _aComunicació intercultural |
| 650 | 0 | 4 |
_94287 _aIdentitat col·lectiva |
| 650 | 0 | 4 |
_94399 _aComunicació _xCongressos |
| 650 | 0 | 4 |
_91607 _aMitjans de comunicació de massa _zEuropa |
| 710 | 2 |
_9304 _aCentre d'Investigació de la Comunicació |
|
| 710 | 2 |
_91452 _aUnesco |
|
| 942 |
_cMON _2udc |
||
| 999 |
_c5203 _d5203 |
||